000 00622nam a2200229Ia 4500
003 OSt
005 20220918191713.0
006 a|||||r|||| 00| 0
007 ta
008 220917b |||||||| |||| 00| 0 eng d
024 _a64,683
037 _cTextual
040 _aARTS
_cARTS
_beng
041 _2eng
_aeng
082 _aQv1, M6.1
100 _aSchure Edouad
_976958
245 0 _aSecret history of world religions tr from the German by Fred Rothwell
260 _aDelhi
_bMittaal India
_c1986
650 _aRELIGION
942 _hQv1, M6.1
_cTEXL
_2CC
999 _c191051
_d191051